000 00591nam a2200193Ia 4500
003 OSt
005 20250220111239.0
008 210210b1995 xxu||||| |||| 00| 0 eng d
040 _cAL
041 _aKannada
082 _aK894.9 KIRK
100 _aKIRTINATHA KURTAKOTI.
_dಕೀರ್ತಿನಾಥ ಕುರ್ತಕೋಟಿ
_9201490
245 _aKannada sahitya sangati.
_b ಕನ್ನಡ ಸಾಹಿತ್ಯ ಸಂಗಾತಿ
260 _aHampi
_bKannada Vishvavidyalaya
_c1995
300 _a368
690 _aKannada Criticism
_9201491
906 _a051820
942 _2ddc
_cBK
999 _c100201
_d100201